ნორმალური ფორმატი
MARC ფორმატი
ჩანაწერი Meeting Name
ჩანაწერთა რაოდენობა, რომელიც გამოყენებულია: 1
001 - CONTROL NUMBER
- control field: 26181
003 - CONTROL NUMBER IDENTIFIER
- control field: GE_BSU
005 - DATE AND TIME OF LATEST TRANSACTION
- control field: 20251106165051.0
008 - FIXED-LENGTH DATA ELEMENTS
- fixed length control field: 251106|| aca||aabn | a|a d
040 ## - CATALOGING SOURCE
- Original cataloging agency: GE_BSU
- Transcribing agency: GE_BSU
111 ## - HEADING--MEETING NAME
- Meeting name or jurisdiction name as entry element: განათლების მეცნიერებისა და ახლგაზრდობის სამინისტო, სსიპ მასწავლებელთა პროფესიული განვითარების ეროვნული ცენტრი
670 ## - SOURCE DATA FOUND
- Source citation: Work cat.: (GE_BSU)63584: ადრეული განათლება : , 2023.
